| 000 | 01001nam a2200265 a 4500 | ||
|---|---|---|---|
| 001 | 57076 | ||
| 003 | BD-RjUL | ||
| 005 | 20211209080451.0 | ||
| 008 | 161205s1987 bg ||||| |||| 00| 0 ben d | ||
| 020 | _c: TK 93.00 | ||
| 035 | _a(BD-RjUL)57200 | ||
| 040 |
_aBD-RjUL _bben _cBD-RjUL |
||
| 041 | _aben | ||
| 082 |
_223 _a297.574092 _bASM 1987 |
||
| 100 |
_aআসাদ, মুহাম্মদ _9169558 |
||
| 245 | 1 | 0 |
_aমক্কার পথ / _cমুহাম্মদ আসাদ |
| 260 |
_aঢাকা : _bইসলামিক ফাউন্ডেশন, _c১৯৮৭ |
||
| 300 |
_a৫৪৯ পৃ. ; _c২১ সেমি. |
||
| 600 |
_aAsad, Muhammad, _d1900-1992 _9169562 |
||
| 600 |
_aআসাদ, মুহাম্মদ, _d১৯০০-১৯৯২ _9169563 |
||
| 650 |
_aMuslim converts _9125508 |
||
| 650 |
_aমুসলিমে পরিবর্তন _9169561 |
||
| 700 |
_aআলী, শাহেদ, অনুবাদ _9168656 |
||
| 942 |
_2ddc _cBK |
||
| 999 |
_c57076 _d57076 |
||